000 00309nam a22001337a 4500
003 SGT
082 _a615.532
_bR16R
100 _aRAHMAN,SK. SHAMSUR
245 _aRED-LINE PRESCRIPTION BY HOMOEOPATHY GURUS
260 _aINDIA
_bB. JAIN PUB
_c2016
300 _a192
650 _aHOMOEOPATHIC
942 _2ddc
_cBK
999 _c18628
_d18628